[Event "ESP-chT CECLUB Honor"]
[Site "Melilla"]
[Date "2011.11.25"]
[Round "6"]
[White "Bologan, Viktor"]
[Black "Naiditsch, Arkadij"]
[Result "0-1"]
[WhiteElo "2665"]
[BlackElo "2712"]
[Annotator "RR"]
[PlyCount "128"]
[EventDate "2011.11.21"]
[EventType "team-tourn"]
[EventRounds "7"]
[EventCountry "ESP"]
[SourceTitle "CBM 146"]
[Source "ChessBase"]
[SourceDate "2012.01.18"]
[SourceVersion "1"]
[SourceVersionDate "2012.01.18"]
[SourceQuality "1"]
[WhiteTeam "Linex Magic"]
[BlackTeam "Colegio Marcote EIKM"]
[WhiteTeamCountry "ESP"]
[BlackTeamCountry "ESP"]

1. e4 c5 2. Nf3 d6 3. Bb5+ Bd7 4. Bxd7+ Qxd7 5. c4 Nf6 6. Nc3 g6 7. d4 cxd4 8.
Nxd4 Bg7 9. h3 Qc7 10. b3 Qa5 11. Bd2 Nxe4 12. Nxe4 Qe5 13. Qb1 f5 14. Bc3
Qxe4+ 15. Qxe4 fxe4 16. Nb5 Bxc3+ 17. Nxc3 Rf8 18. O-O Na6 19. Rfe1 Nc5 20.
Rad1 Kd7 21. Re3 Rac8 22. Rd4 Rf4 23. Nd5 Rf7 24. Rd2 Rc6 25. b4 Na4 26. Rxe4
e6 27. Ne3 Nc3 28. Red4 e5 29. R4d3 Ne4 30. Re2 Ke6 31. c5 dxc5 32. Nc4 Rf4 33.
b5 Rd6 34. Nxd6 Nxd6 35. Rde3 Nc4 36. Re4 Rxe4 37. Rxe4 Kd5 38. Re1 Nb2 39. Rb1
Nd3 40. Kf1 c4 41. Ke2 Kd4 42. Rd1 Kc3 43. Rd2 b6 44. Ke3 h5 45. g3 g5 46. f3
h4 47. Rg2 Nb4 48. gxh4 gxh4 49. Ke4 Nd3 50. Ke3 Nf4 51. Rg5 Nd3 52. Rh5 $2 (
52. Rg4 Ne1 53. Rg1 $11) 52... Kb2 $19 53. Rxh4 Nf4 54. Rg4 c3 55. h4 c2 56.
Rg1 c1=Q+ 57. Rxc1 Kxc1 58. Ke4 Kb2 59. Kxe5 Ng6+ 60. Kd6 Nxh4 61. Kc6 Nxf3 62.
Kb7 Ne5 63. Kxa7 Nc4 64. a4 Kb3 0-1

[Event "POL-chT 66th"]
[Site "Katowice"]
[Date "2010.09.09"]
[Round "6"]
[White "Kuczynski, Robert"]
[Black "Lagowski, Patryk"]
[Result "1-0"]
[WhiteElo "2511"]
[BlackElo "2322"]
[Annotator "RR"]
[PlyCount "125"]
[EventDate "2010.09.04"]
[EventType "team-tourn"]
[EventRounds "9"]
[EventCountry "POL"]
[SourceTitle "EXT 2016"]
[Source "ChessBase"]
[SourceDate "2015.10.08"]
[SourceVersion "1"]
[SourceVersionDate "2015.10.08"]
[SourceQuality "1"]
[WhiteTeam "Wroclaw AZS WSB"]
[BlackTeam "Szkola Grudziadz"]
[WhiteTeamCountry "POL"]
[BlackTeamCountry "POL"]

1. e4 c5 2. Nf3 d6 3. Bb5+ Bd7 4. Bxd7+ Qxd7 5. O-O Nc6 6. Re1 e6 (6... Nf6 7.
c3 e6 8. d3 Be7 9. Bf4 O-O 10. Nbd2 b5 11. h3 Qb7 12. Nf1 Rfd8 13. Ng3 Rac8 14.
Qe2 h6 15. d4 cxd4 16. cxd4 Nb4 17. Red1 d5 18. e5 Ne4 19. Ne1 Nxg3 20. Bxg3
Rd7 21. a3 Nc6 22. Bf4 Bf8 23. b4 Rdc7 24. Qg4 Kh8 25. Qh5 Kg8 26. Be3 Ne7 27.
Nd3 Rc4 28. g4 a5 29. f4 Nc6 30. Nc5 Bxc5 31. bxc5 Rc3 32. Bf2 Qe7 33. g5 Qf8
34. Rdc1 g6 35. Qe2 Rxc1+ 36. Rxc1 {Rapport,R (2709)-Oparin,G (2562) Moscow
2015 0-1}) 7. b3 Nge7 $146 (7... Nf6 8. Bb2 Be7 9. d3 O-O 10. Nbd2 d5 11. e5
Ne8 12. Nf1 f5 13. exf6 Bxf6 14. c3 Nd6 15. Ng3 Rae8 16. d4 cxd4 17. cxd4 Nf5
18. Qd2 Nh4 19. Ne5 Nxe5 20. dxe5 Be7 21. Bd4 a6 22. Qd1 Nf5 23. Nxf5 Rxf5 24.
Rc1 Rff8 25. Qg4 Rc8 26. h4 Rxc1 27. Rxc1 Rc8 28. Rxc8+ Qxc8 29. h5 Qc1+ 30.
Kh2 Kf7 31. Qf3+ Kg8 32. Qg4 Kf7 33. Qf3+ Kg8 {1/2-1/2 (33) Kuzmin,G (2530)
-Sokolov,A (2605) Moscow 1992}) 8. Bb2 e5 9. c3 Ng6 10. d4 Be7 11. dxc5 dxc5
12. Qxd7+ Kxd7 13. Nbd2 {[%cal Gd2c4,Gc4e3,Ge3d5]} Ke6 14. g3 (14. Nc4) 14...
b5 15. Nf1 a5 16. Ne3 a4 17. Nd5 Ra7 18. Rad1 f6 19. Bc1 axb3 20. axb3 b4 21.
cxb4 Nxb4 22. Nxb4 cxb4 23. Be3 Rc7 24. Nd2 Ra8 25. Nc4 $14 {[%csl Gc4,Ge3,Re7,
Rg6] Les pièces Blanches sont plus actives} Rc6 26. Ra1 Raa6 (26... Rca6) 27.
Rxa6 Rxa6 28. Rd1 {[%cal Gd1d5]} Ra2 29. h4 {[%cal Gh4h5]} h5 30. Kf1 Nf8 31.
Rd5 Nd7 32. Rb5 Ra1+ 33. Ke2 g6 (33... Rb1 {[%csl Rb3]}) 34. Ra5 Rxa5 35. Nxa5
Bc5 36. Bd2 Kd6 37. Be1 Kc7 38. f4 f5 39. Kd3 Bd6 40. Nc4 fxe4+ $6 (40... Nc5+
$132 {[%cal Gc5b3,Gc5e4,Gc5d3]}) 41. Kxe4 {[%csl Ge4]} Nc5+ 42. Kd5 exf4 43.
Nxd6 Nd3 44. Bd2 fxg3 45. Ne4 g2 46. Be3 Nc1 47. Nd2 Kd7 48. Ke4 Ne2 49. Nf3
Ng3+ 50. Ke5 Kc6 51. Bf2 Nf1 52. Ke6 Kc7 53. Kd5 Kd7 54. Bc5 Ng3 55. Bxb4 g5
56. hxg5 h4 57. Ng1 Nf1 58. Bc5 Nd2 59. b4 Nb1 60. Ke5 Nc3 61. g6 Ke8 62. Ke6
Ne4 63. g7 1-0

[Event "Rohde op 08th"]
[Site "Sautron"]
[Date "2008.10.31"]
[Round "8"]
[White "Tissir, Mohamed"]
[Black "Carlsson, Pontus"]
[Result "1/2-1/2"]
[WhiteElo "2463"]
[BlackElo "2515"]
[Annotator "RR"]
[PlyCount "58"]
[EventDate "2008.10.25"]
[EventType "swiss"]
[EventRounds "9"]
[EventCountry "FRA"]
[SourceTitle "EXT 2009"]
[Source "ChessBase"]
[SourceDate "2008.11.26"]
[SourceVersion "1"]
[SourceVersionDate "2008.11.26"]
[SourceQuality "1"]

1. e4 c5 2. Nf3 d6 3. Bb5+ Bd7 (3... Nc6) (3... Nd7) 4. Bxd7+ Qxd7 5. c4 Nf6 6.
Nc3 g6 7. O-O Bg7 8. d4 (8. d3 $143 {Ehlvest,J (2631)-Carlsson,P (2360) Calvia
op 1st 2004 (6) 0-1}) 8... cxd4 9. Nxd4 O-O 10. f3 Rc8 11. b3 d5 $36 {[%cal
Gc8c3] C'est l'idée de Rfc8 pour essayer de profiter de l'affaiblissement des
cases blanches.} 12. exd5 Nxd5 13. Nxd5 e6 14. Bh6 {Les deux joueurs
continuent а suivre la théorie et notamment une partie KAMSKY-GELFAND jouée au
tournoi des candidats 2006} exd5 15. Bxg7 Kxg7 16. Nb5 dxc4 17. Nd6 Rd8 18.
Nxb7 Qxd1 19. Raxd1 Rxd1 20. Rxd1 cxb3 21. axb3 Nc6 22. Rd7 a5 (22... Re8 23.
Nd6 Re7 24. Rxe7 Nxe7 25. Kf2 {1/2-1/2 Riff,J (2474)-Gozzoli,Y (2510)/Nancy
2008/CB10}) 23. Kf2 (23. Nd6 Ne5 24. Re7 Kf6 25. Rc7 Ke6 26. Nb7 Nd7 27. Rc4
Ne5 28. Ra4 Nc6 29. Rc4 Ne5 30. Ra4 Nc6 31. Kf2 Rb8 32. Nxa5 {1/2-1/2 Nezad,H 
(2345)-Genser,H (2336)/Turin 2006/CBM 113 (32)}) 23... a4 $11 24. bxa4 Rxa4 25.
Nd6 Ra7 26. Rxa7 Nxa7 27. Ke3 Kf6 28. Ne4+ Ke7 29. f4 Nc6 1/2-1/2

[Event "Metz op 28th"]
[Site "Metz"]
[Date "2010.04.12"]
[Round "6"]
[White "Crut, Aurelien"]
[Black "Brunner, Nicolas"]
[Result "1/2-1/2"]
[WhiteElo "2302"]
[BlackElo "2420"]
[Annotator "RR"]
[PlyCount "51"]
[EventDate "2010.04.10"]
[EventType "swiss"]
[EventRounds "9"]
[EventCountry "FRA"]
[SourceTitle "CBM 136 Extra"]
[Source "ChessBase"]
[SourceDate "2010.07.02"]
[SourceVersion "2"]
[SourceVersionDate "2010.07.15"]
[SourceQuality "1"]

1. e4 c5 2. Nf3 d6 3. Bb5+ Bd7 4. Bxd7+ Qxd7 5. c4 Nf6 6. Nc3 g6 (6... Nc6) 7.
d4 cxd4 8. Nxd4 Bg7 9. f3 O-O 10. O-O Rc8 11. b3 d5 {[%cal Gc8c3,Gg7a1] C'est
l'idée de Rfc8 pour essayer de profiter de l'affaiblissement des cases
blanches.} 12. exd5 Nxd5 13. Nxd5 e6 14. Bh6 {[%cal Gd5f6]} exd5 15. Bxg7 Kxg7
16. cxd5 (16. Nb5) 16... Qxd5 17. Ne2 Qe5 18. Qd4 Nc6 19. Qxe5+ Nxe5 20. Rac1
Rxc1 21. Rxc1 Rd8 22. Rc7 Rd7 23. Rxd7 Nxd7 24. Kf2 Kf6 25. Nc3 g5 26. g3
1/2-1/2

[Event "Bundesliga 0607"]
[Site "Germany"]
[Date "2006.11.18"]
[Round "3.8"]
[White "Skripchenko, Almira"]
[Black "Wegener, Olaf"]
[Result "1-0"]
[WhiteElo "2427"]
[BlackElo "2404"]
[Annotator "Reeh,O"]
[PlyCount "61"]
[EventDate "2006.10.28"]
[EventType "team-tourn"]
[EventRounds "15"]
[EventCountry "GER"]
[SourceTitle "CBM 116"]
[Source "ChessBase"]
[SourceDate "2007.02.01"]
[SourceVersion "1"]
[SourceVersionDate "2007.02.01"]
[SourceQuality "1"]
[WhiteTeam "Werder Bremen"]
[BlackTeam "Muelheim Nord"]
[WhiteTeamCountry "GER"]
[BlackTeamCountry "GER"]

1. e4 c5 2. Nf3 d6 3. Bb5+ Bd7 4. Bxd7+ Qxd7 5. O-O Nf6 6. e5 dxe5 7. Nxe5 Qc8
8. Qf3 e6 9. Nc3 Be7 10. d3 O-O 11. Bg5 Nd5 12. Bxe7 Nxe7 13. Ne4 Nbc6 14. Nc4
Nd4 15. Qh5 {Risky. Riskant.} (15. Qd1 {was safer war sicherer.}) 15... Nd5 ({
Black should have seized the chance to destroy White's pawn structure with
Schwarz hätte die Chance nutzen sollen, mit} 15... Nxc2 {, e.g. die weiße
Bauernstruktur zu zerstören, z.B.} 16. Rac1 Nd4 17. Nxc5 Nd5 $1 {, and now ,
und nun kann auf} 18. Nd6 {can be met with the counterattack der Gegenangriff}
Nf4 $1 {folgen.}) 16. c3 Nf5 17. f4 Qc7 18. Qf3 b5 19. Ncd2 Rad8 20. Rae1 Nb6
21. g4 Nd6 22. f5 Nxe4 23. Nxe4 Nd7 $2 (23... exf5 {Necessary was Notwendig war
} 24. gxf5 f6 {when White is only slightly better. , wonach Weiß nur leicht
besser steht.}) 24. f6 $1 {With a strong attack! Mit starkem Angriff!} Qe5 (
24... gxf6 25. Nxf6+ Nxf6 26. Qxf6 {and now und nun scheitert} Rd5 {to an} 27.
Rxe6 $1) 25. Qh3 Kh8 26. Qh4 h6 27. Rf3 Qd5 28. Rh3 Qe5 {Black is helpless.
Schwarz ist hilflos.} 29. Rf1 Rfe8 {Making things easier for White by
weakening the square f7, but otherwise the push g5 would have brought the
decision. Macht es Weiß durch die Schwächung des Punktes f7 leichter, doch
andernfalls hätte der Vorstoß g5 die Entscheidung herbeigeführt.} 30. fxg7+
Qxg7 {[%tqu "En","White to play and win!","The black queen must protect both
f7 and h6...","No more help!","f1f7","Of course!",10,"De","Weiß zieht und
gewinnt!","Die schwarze Dame muss sowohl f7 als auch h6 bewachen...","Mehr
Hilfe gibt's nicht!","f1f7","Natürlich!",10]} 31. Rxf7 $1 {and Black resigned,
since after 31...Qxf7 (31...Qg6 32.Nf6!) follows 32.Qxh6+ and checkmate. und
Schwarz gab auf, denn nach 31...Qxf7 (31...Qg6 32.Nf6!) folgt 32.Qxh6+ nebst
Matt.} 1-0

[Event "Match/Nation DDR-POL U26"]
[Site "Zinnowitz"]
[Date "1979.10.28"]
[Round "3.1"]
[White "Dobosz, Henryk"]
[Black "Boensch, Uwe"]
[Result "1-0"]
[WhiteElo "2380"]
[BlackElo "2460"]
[Annotator "Rittner,H"]
[PlyCount "61"]
[EventDate "1979.10.26"]
[EventType "team"]
[EventRounds "4"]
[EventCountry "DDR"]
[SourceTitle "EXT 2013"]
[Source "ChessBase"]
[SourceDate "2012.11.22"]
[SourceVersion "1"]
[SourceVersionDate "2012.11.22"]
[SourceQuality "1"]

{SCHACH 12/1979 Seite 543} 1. e4 c5 2. Nf3 d6 3. Bb5+ Bd7 4. Bxd7+ Qxd7 5. O-O
{Die hier in den nächsten Zügen von Weiß gewählte Aufbaumethode gilt als
harmlos.} ({Eine interessante Alternative zu dem Textzug besteht in} 5. c4 Nf6
6. Nc3 {um die eigenen Bauern nach dem Abtausch des Königsspringers auf weiße
Felder zu plazieren.}) 5... Nf6 6. Re1 Nc6 7. c3 e6 8. d4 cxd4 9. cxd4 d5 10.
e5 Ne4 11. Nbd2 Nxd2 12. Bxd2 Be7 13. Be3 ({In seiner Partie Knezevic-Fischer.
Skopje 1967, hoffte Weiß gegen seinen starken Widersacher mit} 13. Bg5 $6 {
auf weitere Vereinfachung und baldiiges Remis. Angesichts des kampfeslüsteren
Gegners war sogar das nicht so einfach. Es folgte} Bb4 14. Bd2 a5 15. Bxb4 axb4
16. a3 bxa3 17. Qb3 Qe7 18. Re3 O-O 19. Rxa3 Rxa3 20. Qxa3 Qxa3 21. Rxa3 f6 {
und Weiß musste in diesem Endspiel noch viele Klippen bis zur Punkteteilung
umschiffen.}) 13... O-O 14. h4 $5 Rfc8 $6 {Ohne am Königsflügel an
irgendwelche Gefahren zu denken, wendet sich Schwarz dem Damenflügel zu und
verliert durch diese mit dem Turmzug beginnende Sorglosigkeit die Partie.} ({
Hier kam} 14... f6 15. exf6 Bxf6 {in Frage, um eventuell später e6-e5
durchzusetzen.}) 15. h5 Nb4 16. Re2 Rc7 17. Ne1 Bf8 $6 ({Noch immer war} 17...
f6 {möglich.}) 18. g4 a5 19. f4 a4 20. a3 Nc6 21. Qd3 Na5 $6 {Schwarz
ignoriert weiter die bereits fortgeschrittenen gegnerischen
Angriffsvorbereitungen am Königsflügel und geht dort schnell zugrunde.} ({
Hier war trotz mancher Bedenken} 21... Re8 {nebst 22... f6 unumgänglich.}) 22.
Nf3 Nb3 23. Ng5 $1 {[#]Damit erzwingt Weiß eine wichtige Schwächung des
schwarzen Königsflügels. Der in den vorangegangenen Manövern gut vorbereitete
Vorstoß f4-f5 wird die schwarze Königsstellung aufbrechen.} g6 24. hxg6 fxg6 ({
Nicht} 24... Nxa1 $2 25. gxf7+ {mit Blickrichtung der Dame d3 nach h7.}) 25.
Rf1 Qe8 26. Rg2 Rg7 {Jetzt kommen alle Verteidigungsmaßnahmen zu spät.} 27. f5
$1 exf5 28. gxf5 gxf5 29. Qxf5 Qg6 30. Qf3 Rd8 31. Rff2 {Gegen die weißen
Drohungen, allen voran 32. Nf7, sah Schwarz keine Parade mehr und gab deshalb
die Partie auf.} 1-0

[Event "Bundesliga 0203"]
[Site "Germany"]
[Date "2003.01.12"]
[Round "9.1"]
[White "Breder, Dennis"]
[Black "Rogozenco, Dorian"]
[Result "1/2-1/2"]
[WhiteElo "2440"]
[BlackElo "2520"]
[Annotator "Rogozenco,D"]
[PlyCount "91"]
[EventDate "2002.10.19"]
[EventType "team-tourn"]
[EventRounds "15"]
[EventCountry "GER"]
[SourceTitle "CBM 093"]
[Source "ChessBase"]
[SourceDate "2003.04.01"]
[SourceVersion "1"]
[SourceVersionDate "2003.04.01"]
[SourceQuality "1"]
[WhiteTeam "Godesberg"]
[BlackTeam "Neukoelln"]
[WhiteTeamCountry "GER"]
[BlackTeamCountry "GER"]

1. e4 {Psakhis} c5 2. Nf3 d6 3. Bb5+ Bd7 4. Bxd7+ Qxd7 5. O-O Nf6 6. e5 dxe5 7.
Nxe5 Qd6 ({I would prefer} 7... Qc7 $5 {(Psakhis) and after for example} 8. d4
cxd4 9. Qxd4 Nc6 10. Nxc6 Qxc6 11. Bg5 Ne4 12. Bh4 Rd8 13. Qxa7 g5 $1 14. Bg3
Bg7 15. Nc3 Nxc3 16. bxc3 f5 $36 {1/2-1/2 Vydeslaver,A-Karpman,V/ISR t-ch 2002
(32) Black got very good position}) 8. Qe2 $5 {This move is objectively not
stronger than alternatives 8.Re1 or 8.Nc4 or 8.d4, but probably better from
the practical point of view, since it contains a trap.} (8. Re1 Nc6 $11) (8. d4
Qxd4 9. Qe2 Nbd7 {and it is not clear if White's compensation is worth a pawn.}
) (8. Nc4 Qd8 9. Nc3 e6 $11) 8... Nc6 $2 {Black falls into the trap. Psakhis:
'A mistake after which black will find himself in trouble'} (8... Nbd7 9. Nc4
Qc6 10. f4 $5 $13 (10. Nc3 {Psakhis} e6 11. f4 g6 12. f5 gxf5 13. Rxf5 Rg8 14.
Rf3 Be7 $13 {Volokitin,A-Dominguez,L/Esbjerg North Sea Cup 2002/CBM 91/
[Psakhis]/1/2-1/2 (33)})) (8... a6 $5) 9. Qb5 $1 (9. Nc4 Qc7 $11 {The position
is about equal here, although I would rather prefer Black, who has a good play
on the d-file later on.}) 9... Rc8 $146 {A tough decision. I decided to
sacrifice a pawn, rather than playing a middlegame without any perspective for
active play. If I only knew that the game move leads almost by force to an
even worse endgame... Psakhis: 'Quite difficult decision - to start to play
game without pawn already after 9 moves, but in the case of'} (9... Rb8 10.
Nxc6 $1 $16 (10. Nc4 Qc7 11. Qxc5 e6 12. Qg5 Nd4 13. d3 b5 14. Ne3 h6 $13)
10... Qxc6 11. Qxc6+ bxc6 12. d3 $14 {White keeps better chances in endgame}) (
9... Rd8 10. Nxc6 bxc6 11. Qe2 e6 12. Na3 $16) 10. Qxb7 Rc7 11. Qa8+ Nd8 12.
Nc4 (12. Re1 $2 Rb7 13. Nc3 e6 14. d3 Be7 15. Nc4 Qa6 $19 {and the queen is
trapped on a8.}) 12... Qa6 {This was my idea - the knight is attackes and
after the next Rb7 I can hope to exploit the queen on a8.} 13. d3 $1 (13. Qb8
$2 Rb7 14. Qf4 g5 $1 15. Qxg5 Qxc4 $19) 13... Rb7 14. Bd2 $1 {This strong
continuation I calculated when playing 9...Rc8, but I failed to connect it
with the strong 16.Nd6+ after two moves.} (14. Nc3 $2 e6 {X Qa8} 15. Re1 (15.
Bg5 Be7 16. Bxf6 gxf6 $19) 15... Be7 16. Qc8 O-O 17. Ne5 Bd6 18. Nc4 Bc7 $19)
14... e6 15. Ba5 Be7 (15... Rd7 16. Qf3 $18) 16. Nd6+ $1 {This leads by force
to an endgame with an extra pawn for White. I can add that White's play is
forced, since otherwise White can easily fing himself into big trouble because
of his trapped queen.} Qxd6 17. Bxd8 Qb8 (17... Rb8 18. Bxe7 $1 {Everything
works out fine for White.} Qc7 19. Bd6 Qxd6 20. Qxa7 O-O 21. Nd2 $18) 18. Qxb8
Rxb8 19. Bxe7 Kxe7 20. b3 $16 Nd5 21. a3 Rhd8 22. Nd2 f5 23. Nc4 Kf6 24. Rfe1 (
24. f4) (24. h4) 24... g5 {Black's only practical chance is to create some
space on the kingside. His queenside pawns on c5 and a7 are weak, but for the
moment they manage to hold White's pawn majority there and that's why Black
should hurry to create something on the kingside.} 25. Re5 Rbc8 26. Rae1 Rc6
27. f3 h5 28. g3 Rdc8 29. Kf2 Ne7 30. b4 $1 {Finally White manages to exploit
his pawn majority.} (30. Na5 Ra6 31. Nb7 Rac6) 30... Ng6 31. R5e2 cxb4 32. axb4
Re8 33. Ra1 (33. b5 $142 Rc5 34. Nd6 Re7 35. c4 $18) 33... a6 $16 34. Ra4 h4 {
In the mutual time-trouble the counterplay on the kingside gave me finally
hopes to complicate matters.} 35. gxh4 gxh4 (35... Nxh4 $6 {This is more
logical, but it loses control over square e5, which is important here.} 36. Ne5
Rd6 37. c4) 36. Ke3 h3 $1 {Fixing the pawn on h2 means that almost in every
complications Black will have some additional chances.} 37. Re1 Rh8 38. Rg1 Ne7
(38... Rh4 $4 39. Rxg6+ Kxg6 40. Ne5+) 39. Kd2 Rh4 {'(+)'} (39... Rd8 $142) 40.
Raa1 Nd5 41. c3 Rh8 42. Ra5 Rhc8 43. b5 $2 {White collapsed and resigned
himself to a draw. He would have kept good winning chances, had he found the
maneuver Ne5-d7-c5 in the following line:} (43. Rg3 Nf4 44. Ne5 $1 Rxc3 (44...
Rd6 45. d4) 45. Nd7+ Kf7 46. Nc5 R8xc5 47. bxc5 (47. Rxc5 Rxd3+ 48. Kc2 Re3 {
/\ 49...Re2} 49. Rc7+ Kf6 50. Rd7 Ra3 51. Kb2 Re3 $132) 47... Rxd3+ 48. Kc2 Rd5
49. Rg1 $16) 43... axb5 44. Rxb5 Ra8 {Now Black's counterplay secures a draw.}
45. Kc2 Nf4 46. Rb2 (46. Rb2 Nxd3 47. Kxd3 Rd8+ 48. Kc2 Rxc4 49. Rg3 Rdc8 50.
Rb3 $11) 1/2-1/2